دائرة معارف الشعب (Record no. 15956)
[ view plain ]
| 000 -الفاتح | |
|---|---|
| حقل البيانات ثابتة الطول | 01347nam a22002057a 4500 |
| 008 - عناصر البيانات ثابتة الطول - معلومات عامة | |
| حقل البيانات ثابتة الطول | 110906s1959 ua|||||d ||| 00| 0cara |
| 082 ## - رقم تصنيف ديوى العشرى | |
| رقم الطبعة | 22 |
| رقم التصنيف | 031 |
| رقم المادة | ش ع ب |
| 245 ## - بيان العنوان | |
| العنوان | دائرة معارف الشعب |
| 260 ## - PUBLICATION, DISTRIBUTION, ETC. (IMPRINT) | |
| مكان الناشر او الموزع | [القاهرة ] : |
| اسم الناشر او الموزع | مطابع الشعب، 1959-1960 |
| تاريخ النشر أو التوزيع | 1959-1960 |
| 300 ## - الوصف المادى | |
| التعداد | 5 مج ؛ |
| أبعاد الوعاء | 27 سم |
| 650 ## - المدخل الاضافى بالموضوع-مصطلح موضوعى | |
| 9 (RLIN) | 16813 |
| مصطلح موضوعي أو اسم جغرافي كعنصر مدخل | دوائر المعارف العربية |
| 651 ## - المدخل الاضافى بالموضوع - اسم جغرافى | |
| 9 (RLIN) | 27989 |
| الاسم الجغرافي | البلاد العربية |
| التقسيم الفرعي الشكلي | دوائر المعارف |
| 653 ## - مصطلح تكشيفى غير مقيد | |
| Resource For college | |
| Arrived date list | December2011 |
| 942 ## - عناصر المدخل الإضافي( كوها) | |
| مصدر التصنيف او مخطط الترفيف | Dewey Decimal Classification |
| Koha [default] item type | Reference (NB) |
| حالة التراجع | حالة الفقد | مصدر التصنيف او خطة الترفيف | حالة تلف | ليس للاعارة | مجموعات كوها | المكان الدائم | المكان الحالي | موقع الترفيف | تاريخ الاكتساب | رقم الاستدعاء | الباركود | Date last seen | نوع الوعاء | تبصرة عامة | Source of acquisition |
|---|---|---|---|---|---|---|---|---|---|---|---|---|---|---|---|
| Dewey Decimal Classification | Alef-Baa | Central Library | Central Library | Ground Floor | 06/09/2011 | 031 ش ع ب | 000024659 | 15/07/2025 | Reference (NB) | مج. 1. | |||||
| Dewey Decimal Classification | Alef-Baa | Central Library | Central Library | Ground Floor | 05/12/2011 | 031 ش ع ب | 000025767 | 15/07/2025 | Reference (NB) | مج. 5. | Purchase | ||||
| Dewey Decimal Classification | Alef-Baa | Central Library | Central Library | Ground Floor | 06/12/2011 | 031 ش ع ب | 000025768 | 15/07/2025 | Reference (NB) | مج. 2. | Purchase | ||||
| Dewey Decimal Classification | Alef-Baa | Central Library | Central Library | Ground Floor | 06/12/2011 | 031 ش ع ب | 000025769 | 15/07/2025 | Reference (NB) | مج. 3. | Purchase | ||||
| Dewey Decimal Classification | Alef-Baa | Central Library | Central Library | Ground Floor | 06/12/2011 | 031 ش ع ب | 000025770 | 15/07/2025 | Reference (NB) | مج. 4. |